What is Post-Branding ? : How to Counter Fundamentalist Marketplace Semiotics (Record no. 369826)
[ view plain ]
| 000 -LEADER | |
|---|---|
| fixed length control field | 00599nam a2200205 4500 |
| 005 - DATE AND TIME OF LATEST TRANSACTION | |
| control field | 20260122162138.0 |
| 008 - FIXED-LENGTH DATA ELEMENTS--GENERAL INFORMATION | |
| fixed length control field | 260109b |||||||| |||| 00| 0 eng d |
| 020 ## - INTERNATIONAL STANDARD BOOK NUMBER | |
| International Standard Book Number | 9789083270678 |
| 041 ## - LANGUAGE CODE | |
| Language code of text/sound track or separate title | English |
| 082 ## - DEWEY DECIMAL CLASSIFICATION NUMBER | |
| Classification number | 687 |
| Item number | GRA |
| 100 ## - MAIN ENTRY--PERSONAL NAME | |
| Author | Grant Jason |
| 245 ## - TITLE STATEMENT | |
| Title | What is Post-Branding ? : How to Counter Fundamentalist Marketplace Semiotics |
| 260 ## - PUBLICATION, DISTRIBUTION, ETC. | |
| Name of publisher, distributor, etc. | Set Margins |
| Date of publication, distribution, etc. | 2023 |
| 300 ## - PHYSICAL DESCRIPTION | |
| Extent | 269 |
| 365 ## - TRADE PRICE | |
| Price amount | 1695.94 |
| Currency code | Rs.00 |
| 520 ## - SUMMARY, ETC. | |
| Summary, etc. | 1. Dis-Branded<br/>2. Mixed Messages<br/>3. Manual<br/>4. Context<br/><br/> |
| 650 ## - SUBJECT ADDED ENTRY--TOPICAL TERM | |
| Topical term or geographic name entry element | Branding |
| 700 ## - ADDED ENTRY--PERSONAL NAME | |
| Personal name | Vodeb Oliver |
| 942 ## - ADDED ENTRY ELEMENTS (KOHA) | |
| Koha item type | Books |
| Withdrawn status | Lost status | Source of classification or shelving scheme | Damaged status | Not for loan | Home library | Current library | Date acquired | Vendor | Net Price | Bill number | Total Checkouts | Full call number | Barcode | Date last seen | Discount | Actual Price | Bill Date | Koha item type |
|---|---|---|---|---|---|---|---|---|---|---|---|---|---|---|---|---|---|---|
| Dewey Decimal Classification | School of Fashion Technology | School of Fashion Technology | 08/01/2026 | Design Book Studio | 1515.04 | 286 | 687 GRA | SOFT-BK-4827 | 09/01/2026 | 33% | 2261.25 | 12/12/2025 | Books |